Statistics for Countries with Highest Hindu Population

Click here to take the quiz!

General Stats

  • This quiz has been taken 86 times
  • The average score is 8 of 10

Answer Stats

%PopulationCountry% Correct
94.30973,750,000India
97%
1.2012,680,000Bangladesh
95%
0.303,330,000Pakistan
93%
2.3024,170,000Nepal
88%
0.201,790,000United States
87%
<0.1890,000United Kingdom
83%
0.302,830,000Sri Lanka
76%
<0.1820,000Myanmar
75%
0.404,050,000Indonesia
74%
0.201,720,000Malaysia
66%

Score Distribution

Percentile by Number Answered

Percent of People with Each Score

Your Score History

You have not taken this quiz